02024agaaa2200301 45000010005000000030009000050050017000140070009000310080040000400400023000800410013001031000045001161300026001612450197001872500022003842600128004063000033005345080212005675110092007795200518008715380016013895460013014056500057014187000064014757000059015397000057015987000067016558216IT-RoPAU20220918181229.0d cvaizq50131s9999||||xx ||| | || ||und|| aIT-RoPAUcIT-RoPAU aITALIANO aRossi FrancogCodice regista SPICS: 1860 aPORGI L'ALTRA GUANCIA aPORGI L'ALTRA GUANCIAcProdotto da: De Laurentiis Dino -- Sceneggiatura: Caminito Augusto Rossi Franco -- Diretto da: Rossi FrancopPORGI L'ALTRA GUANCIA (Rif. Codice opera principale : H8216) aEdizione Standard a(ITA)bINTER MA.CO. - MARIANNE PROD. - DINO DE LAU / Distribuzione: MEDUSAg"1974 (1° ed.: 2008 ; Ed. Lingua Orig.: 1974)" aDVDbsonoro, col.c95 minuti a"Fotografia: Pogany Gabor; Montaggio: Serralonga Giorgio; Musica: De Angelis Guido; Sceneggiatura: Caminito Augusto Rossi Franco; Scenografia: Bronzi Francesco; Soggetto: Caminito Augusto -- Saraceni Fausto" a"Spencer Bud; Hill Terence; Herlin Jacques; Pilar Mario; Loggia Robert; Quasimodo Mari" aINTORNO ALLA FINE DELL'OTTOCENTO, DUE MISSIONARI, PADRE PEDRO E PADRE G, PORTANO AVANTI LA LORO OPERA DI EVANGELIZZAZIONE IN UN'ISOLETTA DEL MAR DEI CARAIBI. OLTRE A DIFFONDERE IL MESSAGGIO RELIGIOSO, DIFENDONO LA GENTE DAI SOPRUSI DEL GOVERNATORE LOCALE, IL FAMIGERATO MARCHESE GONZAGA CHE, PER QUESTA RAGIONE, NON LI VEDE DI BUON OCCHIO. PER SBARAZZARSI DI LORO IL NOBILUOMO ARRIVA AL PUNTO DI RICORRERE AL VESCOVO CHIEDENDOGLI DI TRASFERIRLI IN UN'ALTRA MISSIONE. MA I DUE RELIGIOSI NON SONO PROPRIO D'ACCORDO. aPAL, STEREO aITALIANO aCOMMEDIAeDVD-FILM [DVD]xCodice MATERIA SPICS: 9947 aCaminito Augusto e(soggetto)gCodice Soggetto SPICS: 59263 aDe Angelis Guidoe(musica)gCodice Musica SPICS: 10854 aRossi Franco e(regista)gCodice regista SPICS: 1860 aSaraceni Fausto e(soggetto)gCodice Soggetto 2° SPICS: 59264